[Event "OLNW 1718 SV Lingen - SV Hellern"]
[Site "?"]
[Date "2018.02.25"]
[Round "7.4"]
[White "Gutman, Lev"]
[Black "Weist, Thorben"]
[Result "1/2-1/2"]
[WhiteElo "2406"]
[BlackElo "2074"]
[PlyCount "94"]
[EventDate "2018.??.??"]

1. Nf3 c5 2. g3 g6 3. Bg2 Bg7 4. d4 cxd4 5. Nxd4 Nc6 6. c3 Nf6 7. O-O O-O 8.
Qa4 Nxd4 9. cxd4 d5 10. Qb3 b6 11. Nc3 Bb7 12. Bf4 Ne4 13. Rfd1 Nxc3 14. bxc3
e6 15. a4 Ba6 16. e4 Rc8 17. a5 bxa5 18. Qa3 Bc4 19. Qxa5 Qxa5 20. Rxa5 dxe4
21. Bxe4 Bd5 22. Bxd5 exd5 23. Bd2 Rfd8 24. Rxa7 Ra8 25. Rda1 Rxa7 26. Rxa7 Bf6
27. Kf1 Re8 28. Ra5 Rd8 29. Ke2 Kg7 30. Kd3 Rd7 31. Bf4 Bd8 32. Rb5 h5 33. h4
Be7 34. Be5+ f6 35. Bf4 g5 36. hxg5 fxg5 37. Be5+ Kg6 38. Rb6+ Kf5 39. f3 g4
40. Rh6 gxf3 41. Rxh5+ Kg4 42. Rh7 Ra7 43. Rf7 Ra1 44. Rf4+ Kxg3 45. Rf7+ Kg4
46. Rf4+ Kg3 47. Rf7+ Kg4 1/2-1/2

[Event "OLNW 1718 SV Lingen - SV Hellern"]
[Site "?"]
[Date "2018.02.25"]
[Round "7.5"]
[White "Zur Lage, Julian"]
[Black "Milanovic, Danilo"]
[Result "0-1"]
[WhiteElo "2121"]
[BlackElo "2303"]
[PlyCount "60"]
[EventDate "2018.??.??"]

1. d4 Nf6 2. Nf3 c5 3. d5 b5 4. Bg5 Qb6 5. a4 b4 6. a5 Qb7 7. Bxf6 exf6 8. e3
d6 9. Bc4 g6 10. O-O Bg7 11. Nbd2 O-O 12. c3 f5 13. cxb4 Qxb4 14. Ra4 Qxb2 15.
Qe2 Qb7 16. Rb1 Qc7 17. Ra3 Nd7 18. Rab3 Qxa5 19. Bb5 Qc7 20. e4 Nb6 21. Nc4
fxe4 22. Ng5 Nxd5 23. Nxe4 Nf4 24. Qd2 d5 25. Ncd6 dxe4 26. Qxf4 Be6 27. Ra3 a6
28. Be2 Rfd8 29. Qxe4 Qxd6 30. Rd3 Bd4 0-1

[Event "OLNW 1718 SV Lingen - SV Hellern"]
[Site "?"]
[Date "2018.02.25"]
[Round "7.6"]
[White "Kollen, Zyon"]
[Black "Niendieker, Stephan"]
[Result "1-0"]
[WhiteElo "2288"]
[BlackElo "2105"]
[PlyCount "57"]
[EventDate "2018.??.??"]

1. e4 c5 2. Nf3 d6 3. d4 cxd4 4. Nxd4 Nf6 5. Nc3 g6 6. Be3 Bg7 7. f3 O-O 8. Qd2
Nc6 9. O-O-O d5 10. exd5 Nxd5 11. Nxc6 bxc6 12. Bd4 Nxc3 13. Qxc3 Bh6+ 14. Be3
Bxe3+ 15. Qxe3 Qb6 16. Qxe7 Be6 17. Qa3 a5 18. Bd3 Qb4 19. Be4 Qxa3 20. bxa3
Bxa2 21. Bxc6 Rab8 22. Be4 Rfc8 23. Rhe1 Rc5 24. Bd3 Rc3 25. Kd2 Rbc8 26. Re8+
Kg7 27. Rxc8 Rxc8 28. Ra1 Be6 29. Rb1 1-0

[Event "OLNW 1718 SV Lingen - SV Hellern"]
[Site "?"]
[Date "2018.02.25"]
[Round "7.7"]
[White "Rein, Joachim"]
[Black "Gazic, Josip"]
[Result "0-1"]
[WhiteElo "1925"]
[BlackElo "2210"]
[PlyCount "72"]
[EventDate "2018.??.??"]

1. d4 d6 2. e4 Nf6 3. Bd3 Nc6 4. c3 e5 5. d5 Nb8 6. Ne2 Be7 7. O-O O-O 8. f4 c6
9. c4 exf4 10. Nxf4 Nbd7 11. Be3 Ne5 12. h3 Nfd7 13. Nc3 Nc5 14. Be2 a5 15. Qd2
a4 16. Rad1 Qa5 17. a3 g6 18. Qc2 Re8 19. Rf2 Bf8 20. Bxc5 dxc5 21. Nb1 Bg7 22.
Nd2 Qb6 23. Kh1 Nd7 24. Rb1 Bd4 25. Rff1 Qc7 26. Nd3 Nf6 27. Bf3 Qg3 28. e5
Bxh3 29. Ne4 Nxe4 30. Bxe4 Bg4 31. Rf2 f5 32. Bf3 Bxf2 33. Bxg4 Bd4 34. Bh3
Bxe5 35. Nxe5 Rxe5 36. dxc6 Rae8 0-1

[Event "OLNW 1718 SV Lingen - SV Hellern"]
[Site "?"]
[Date "2018.02.25"]
[Round "7.8"]
[White "Milosevic, Aleksandar"]
[Black "Ernst, Franz"]
[Result "1-0"]
[WhiteElo "2251"]
[BlackElo "1974"]
[PlyCount "71"]
[EventDate "2018.??.??"]

1. Nf3 d5 2. d4 e6 3. c4 c5 4. cxd5 exd5 5. g3 Nc6 6. Bg2 Nf6 7. O-O Be7 8. Nc3
O-O 9. dxc5 d4 10. Na4 Bf5 11. b3 Be4 12. e3 d3 13. Bb2 Qd7 14. Nd4 Bxg2 15.
Kxg2 Ne5 16. Nf3 Nc6 17. Bd4 Qf5 18. Nh4 Qd5+ 19. Qf3 Nxd4 20. exd4 Qxd4 21.
Nf5 Qd7 22. Rfe1 Rfe8 23. Rad1 Bf8 24. Rxe8 Rxe8 25. Rxd3 Qb5 26. Nd6 Bxd6 27.
cxd6 Rd8 28. Nc3 Qa6 29. a4 h6 30. Ne4 Nd7 31. Qf5 g6 32. Qd5 Nb6 33. Nf6+ Kg7
34. Qd4 Qxd3 35. Nh5+ Kf8 36. Qh8# 1-0

[Event "OLNW 1718 HSK Lister Turm - Delmenhorst"]
[Site "?"]
[Date "2018.02.25"]
[Round "7.1"]
[White "Hoeffer, David"]
[Black "Hoffmann, Lukas"]
[Result "1/2-1/2"]
[WhiteElo "2247"]
[BlackElo "2252"]
[PlyCount "33"]
[EventDate "2018.??.??"]

1. d4 Nf6 2. c4 e6 3. Nc3 d5 4. Nf3 c5 5. cxd5 Nxd5 6. e4 Nxc3 7. bxc3 cxd4 8.
cxd4 Bb4+ 9. Bd2 Bxd2+ 10. Qxd2 O-O 11. Bc4 Nd7 12. O-O b6 13. d5 Nc5 14. Qd4
Bb7 15. Rfe1 exd5 16. Bxd5 Qe7 17. Bxb7 1/2-1/2

[Event "OLNW 1718 HSK Lister Turm - Delmenhorst"]
[Site "?"]
[Date "2018.02.25"]
[Round "7.3"]
[White "Steingraeber, Kai Uwe"]
[Black "Voege, Tobias"]
[Result "1/2-1/2"]
[WhiteElo "2097"]
[BlackElo "2178"]
[PlyCount "39"]
[EventDate "2018.??.??"]

1. d4 e6 2. Nf3 Nf6 3. g3 b6 4. Bg2 Bb7 5. O-O Be7 6. c4 O-O 7. Nc3 Ne4 8. Qc2
Nxc3 9. Qxc3 d6 10. Rd1 Nd7 11. a4 a5 12. b3 Qe8 13. Bb2 f5 14. Nd2 Bxg2 15.
Kxg2 e5 16. dxe5 dxe5 17. e4 Bb4 18. Qc2 f4 19. Nf3 Qe7 20. Qd3 1/2-1/2

[Event "OLNW 1718 HSK Lister Turm - Delmenhorst"]
[Site "?"]
[Date "2018.02.25"]
[Round "7.4"]
[White "Hoerstmann, Rudi"]
[Black "Grebener, Soeren"]
[Result "1-0"]
[WhiteElo "2232"]
[BlackElo "2020"]
[PlyCount "107"]
[EventDate "2018.??.??"]

1. Nf3 d5 2. g3 Nf6 3. Bg2 c6 4. c4 e6 5. d4 Bd6 6. Nc3 O-O 7. O-O dxc4 8. Nd2
e5 9. Nxc4 exd4 10. Qxd4 Bc7 11. Qh4 Nbd7 12. Bf4 Bxf4 13. Qxf4 Qe7 14. a3 Nb6
15. Na5 Qc5 16. Nb3 Qh5 17. h4 Nbd5 18. Qg5 Bg4 19. Nxd5 Nxd5 20. Qxh5 Bxh5 21.
Bxd5 cxd5 22. f3 Rfe8 23. Kf2 f6 24. Rac1 Re7 25. Rc5 Bf7 26. Rfc1 h6 27. Nd4
Rd8 28. Rc8 Rxc8 29. Rxc8+ Kh7 30. Ke1 Rd7 31. Kd2 g5 32. hxg5 fxg5 33. g4 h5
34. gxh5 Bxh5 35. Nb5 g4 36. fxg4 Bxg4 37. Rc7 a6 38. Rxd7+ Bxd7 39. Nc3 d4 40.
Ne4 Kg6 41. Nc5 Bc8 42. Kd3 b6 43. Ne4 Bg4 44. Nd2 Kf6 45. Nb3 Ke5 46. Nxd4 Kd5
47. e4+ Kc5 48. Nb3+ Kb5 49. Kd4 a5 50. Kd5 Ka4 51. Nd4 b5 52. Kc5 b4 53. axb4
axb4 54. Kc4 1-0

[Event "OLNW 1718 HSK Lister Turm - Delmenhorst"]
[Site "?"]
[Date "2018.02.25"]
[Round "7.5"]
[White "Traetmar, Mattis"]
[Black "Hampel, Felix"]
[Result "1/2-1/2"]
[WhiteElo "1922"]
[BlackElo "2190"]
[PlyCount "104"]
[EventDate "2018.??.??"]

1. e4 g6 2. d4 Bg7 3. Nc3 d6 4. Be3 a6 5. a4 Nf6 6. Qd2 Nc6 7. d5 Ne5 8. h3 c6
9. a5 O-O 10. Be2 Ned7 11. Nf3 Qc7 12. O-O Nc5 13. Bd3 cxd5 14. exd5 Nxd3 15.
Bb6 Qb8 16. cxd3 e5 17. Rac1 Bd7 18. Be3 Qd8 19. Ra1 Nh5 20. Ne4 Bb5 21. Rfc1
Qd7 22. Rc2 f5 23. Neg5 Nf6 24. Ne6 Rfc8 25. Rac1 Nxd5 26. Nxg7 f4 27. Bb6 Kxg7
28. Ng5 Bc6 29. Qe2 Re8 30. Ne4 Nxb6 31. axb6 d5 32. Nc5 Qd6 33. Nxb7 Bxb7 34.
Rc7+ Kg8 35. Rxb7 Rab8 36. Ra7 Rxb6 37. Rcc7 Qf6 38. Qc2 Rbe6 39. Rc8 e4 40.
Qc7 R6e7 41. Rxe8+ Rxe8 42. Qxh7+ Kf8 43. Qh6+ Kg8 44. dxe4 dxe4 45. Qh7+ Kf8
46. Qh6+ Kg8 47. h4 e3 48. fxe3 fxe3 49. Qh7+ Kf8 50. Qh6+ Kg8 51. Qh7+ Kf8 52.
Qh6+ Kg8 1/2-1/2

[Event "OLNW 1718 HSK Lister Turm - Delmenhorst"]
[Site "?"]
[Date "2018.02.25"]
[Round "7.6"]
[White "Virag, Attila Aba"]
[Black "Sturm, Tobias"]
[Result "1/2-1/2"]
[WhiteElo "2271"]
[BlackElo "2025"]
[PlyCount "83"]
[EventDate "2018.??.??"]

1. e4 c5 2. Nf3 d6 3. d4 cxd4 4. Qxd4 Nf6 5. h3 Nc6 6. Bb5 Qa5+ 7. Nc3 Qxb5 8.
Nxb5 Nxd4 9. Nfxd4 e5 10. Nf3 Kd8 11. Bg5 a6 12. Nc3 Be7 13. O-O-O Kc7 14. Bxf6
Bxf6 15. Nd5+ Kc6 16. Rd3 Bd8 17. Rhd1 Be6 18. c3 a5 19. Kb1 g6 20. Nd2 b5 21.
c4 b4 22. a3 Rb8 23. axb4 axb4 24. Nb3 Bg5 25. Ne3 Be7 26. Kc2 Rhc8 27. Ra1 Kb6
28. Nd2 Ra8 29. Rxa8 Rxa8 30. Nd5+ Bxd5 31. Rxd5 Ra1 32. c5+ dxc5 33. Nc4+ Kb5
34. Nxe5 Bf6 35. Nxf7 Bd4 36. Nd6+ Kc6 37. Nc4 Rf1 38. Na5+ Kb5 39. Nb3 Rxf2+
40. Kd3 Bxb2 41. Rxc5+ Kb6 42. Rc2 1/2-1/2

[Event "OLNW 1718 HSK Lister Turm - Delmenhorst"]
[Site "?"]
[Date "2018.02.25"]
[Round "7.7"]
[White "Sinnhoefer, Jonas"]
[Black "Gentemann, Moritz"]
[Result "1/2-1/2"]
[WhiteElo "1825"]
[BlackElo "2189"]
[PlyCount "56"]
[EventDate "2018.??.??"]

1. e4 c5 2. c4 Nc6 3. Ne2 e6 4. d4 cxd4 5. Nxd4 Bc5 6. Nb3 Bb4+ 7. Nc3 Nf6 8.
Bd3 O-O 9. O-O Ne5 10. Be2 Ng6 11. Qd4 d6 12. Rd1 e5 13. Qd3 Be6 14. Nd5 Bxd5
15. cxd5 Ba5 16. Nxa5 Qxa5 17. f3 Rfc8 18. Be3 Nf4 19. Qb5 Nxe2+ 20. Qxe2 Rc7
21. a3 Rac8 22. Rac1 Qa4 23. Rxc7 Rxc7 24. Rc1 Rxc1+ 25. Bxc1 Qb3 26. Be3 a6
27. Qd2 h6 28. Qc3 Qxc3 1/2-1/2

[Event "OLNW 1718 Bremer SG - Hamelner SV"]
[Site "?"]
[Date "2018.02.25"]
[Round "7.1"]
[White "Bode, Wilfried"]
[Black "Zeitlein, Michael"]
[Result "1/2-1/2"]
[WhiteElo "2345"]
[BlackElo "2343"]
[PlyCount "22"]
[EventDate "2018.??.??"]

1. d4 f5 2. Nf3 Nf6 3. Bg5 Ne4 4. Bf4 e6 5. Nbd2 d5 6. e3 Be7 7. Nxe4 fxe4 8.
Nd2 O-O 9. Be2 c5 10. dxc5 Nc6 11. O-O Bxc5 {(=)} 1/2-1/2

[Event "OLNW 1718 Bremer SG - Hamelner SV"]
[Site "?"]
[Date "2018.02.25"]
[Round "7.2"]
[White "Borik, Otto"]
[Black "Tonndorf, Matthias"]
[Result "1/2-1/2"]
[WhiteElo "2351"]
[BlackElo "2287"]
[PlyCount "50"]
[EventDate "2018.??.??"]

1. Nf3 c5 2. e4 e6 3. d4 cxd4 4. Nxd4 a6 5. c4 Nf6 6. Nc3 Qc7 7. f4 Bb4 8. Bd3
Nc6 9. Nxc6 dxc6 10. O-O e5 11. Kh1 Be6 12. fxe5 Bxc3 13. bxc3 Qxe5 14. Qc2 Ng4
15. Bf4 Qc5 16. h3 Ne5 17. Rab1 Nxd3 18. Qxd3 Bxc4 19. Qg3 Bxf1 20. Rxf1 Qc4
21. Rf3 O-O-O 22. Bb8 Rd7 23. Ba7 Rc7 24. Bb6 Rd7 25. Ba7 Rc7 1/2-1/2

[Event "OLNW 1718 Bremer SG - Hamelner SV"]
[Site "?"]
[Date "2018.02.25"]
[Round "7.3"]
[White "van Son, Lutz"]
[Black "Hundack, Rolf"]
[Result "1-0"]
[WhiteElo "2170"]
[BlackElo "2094"]
[PlyCount "77"]
[EventDate "2018.??.??"]

1. e4 e5 2. Nc3 Nc6 3. f4 Bc5 4. Nf3 d6 5. Bb5 Nf6 6. d3 O-O 7. Na4 Nd4 8. Nxd4
Bxd4 9. c3 c6 10. Bc4 Bg4 11. Qd2 b5 12. cxd4 bxc4 13. dxe5 dxe5 14. fxe5 Nd7
15. d4 f6 16. e6 Bxe6 17. O-O Qe8 18. Qe2 Qg6 19. Bf4 Rfe8 20. Rae1 Kh8 21. Qd2
Rad8 22. Bc7 Rc8 23. Qa5 Bg4 24. Nc3 Nf8 25. Bg3 Re7 26. Qb4 Qf7 27. e5 Rb7 28.
Qa3 Qd7 29. exf6 gxf6 30. Rxf6 Qxd4+ 31. Kh1 Kg8 32. Rf4 Qg7 33. Ne4 Be6 34.
Nd6 Rcc7 35. Ne8 Qh6 36. Nxc7 Rxc7 37. Qxf8+ Qxf8 38. Rxf8+ Kxf8 39. Bxc7 1-0

[Event "OLNW 1718 Bremer SG - Hamelner SV"]
[Site "?"]
[Date "2018.02.25"]
[Round "7.4"]
[White "Issing, Peter"]
[Black "Renner, Kai"]
[Result "1-0"]
[WhiteElo "2178"]
[BlackElo "2158"]
[PlyCount "63"]
[EventDate "2018.??.??"]

1. d4 f5 2. Nc3 Nf6 3. Bg5 d5 4. Qd2 e6 5. e3 Be7 6. O-O-O O-O 7. Bxf6 Bxf6 8.
f4 c5 9. Nf3 Nc6 10. Be2 a6 11. Ne5 Nxe5 12. dxe5 Be7 13. Bf3 Kh8 14. h3 Bd7
15. g4 g6 16. h4 fxg4 17. Bxg4 h5 18. Bh3 Qe8 19. Rhg1 Rd8 20. e4 Kh7 21. exd5
exd5 22. Bxd7 Qxd7 23. Qxd5 Qxd5 24. Nxd5 Bxh4 25. c4 Bf2 26. Rg2 Bd4 27. Kc2
b5 28. b3 Kh6 29. Rh1 Rde8 30. Kd3 Rf7 31. Re2 g5 32. Nf6 1-0

[Event "OLNW 1718 Bremer SG - Hamelner SV"]
[Site "?"]
[Date "2018.02.25"]
[Round "7.5"]
[White "David, Adrian"]
[Black "Juhnke, Karl"]
[Result "0-1"]
[WhiteElo "2254"]
[BlackElo "2140"]
[PlyCount "114"]
[EventDate "2018.??.??"]

1. f4 d5 2. Nf3 g6 3. g3 Bg7 4. Bg2 Nf6 5. c3 O-O 6. d3 Nbd7 7. O-O c6 8. Qc2
Qc7 9. Nh4 e5 10. f5 Qb6+ 11. Kh1 Ng4 12. e4 dxe4 13. dxe4 Ne3 14. Bxe3 Qxe3
15. fxg6 hxg6 16. Na3 Nf6 17. Rae1 Qc5 18. b4 Qe7 19. Nc4 Nh7 20. Na5 Be6 21.
Rd1 Rac8 22. Qe2 c5 23. Qb5 b6 24. Nb3 cxb4 25. Qxb4 Qxb4 26. cxb4 Rc4 27. Rd6
Rxb4 28. Nxg6 Bxb3 29. Ne7+ Kh8 30. axb3 Rxb3 31. Rd7 a5 32. Nd5 b5 33. Rdxf7
Rxf7 34. Rxf7 Ng5 35. Rf1 a4 36. h4 Ne6 37. Bh3 Nd4 38. Rc1 Rxg3 39. Bd7 a3 40.
Kh2 Rb3 41. Rc8+ Kh7 42. Ra8 b4 43. Bf5+ Nxf5 44. exf5 Rf3 45. Nxb4 e4 46. Kg2
Bd4 47. Ra4 Bc5 48. Nd5 Rf2+ 49. Kg3 Rxf5 50. Nb4 Rf3+ 51. Kg4 Rb3 52. Nd5 e3
53. Kf3 Rb2 54. Nc3 Rf2+ 55. Kg3 Bd6+ 56. Kg4 e2 57. Re4 Rf4+ 0-1

[Event "OLNW 1718 Bremer SG - Hamelner SV"]
[Site "?"]
[Date "2018.02.25"]
[Round "7.6"]
[White "Krajina, Davor"]
[Black "Gerstmann, Frank"]
[Result "1-0"]
[WhiteElo "2251"]
[BlackElo "2161"]
[PlyCount "107"]
[EventDate "2018.??.??"]

1. Nc3 c5 2. e3 e6 3. b3 Nf6 4. f4 Be7 5. Bb2 O-O 6. Nf3 a6 7. Be2 b5 8. O-O b4
9. Na4 d6 10. Qe1 Bd7 11. Bd3 Bb5 12. Qg3 Bxd3 13. cxd3 Nbd7 14. Rac1 Rc8 15.
Kh1 Qa5 16. e4 Qb5 17. e5 Ne8 18. d4 c4 19. Ng5 h6 20. Ne4 d5 21. Nf2 f5 22.
exf6 Ndxf6 23. Qh3 Rc6 24. Rfe1 Nc7 25. f5 Nh7 26. Ng4 Rxf5 27. Ne5 Rd6 28. Nc5
Ng5 29. Qg4 cxb3 30. axb3 Rf6 31. d3 Qe8 32. h4 Nh7 33. Nb7 Nb5 34. Nxd6 Bxd6
35. Rf1 g5 36. Kg1 Rxf1+ 37. Rxf1 Nc3 38. Nf7 Bf8 39. Nxh6+ Kh8 40. Nf7+ Kg8
41. Nxg5 Nxg5 42. hxg5 Qg6 43. Re1 Be7 44. Bc1 Kf7 45. Qf4+ Ke8 46. Qb8+ Bd8
47. Qd6 Be7 48. Rxe6 Ne2+ 49. Kf2 Qf5+ 50. Kxe2 Qg4+ 51. Ke1 Qh4+ 52. Kd1 Qg4+
53. Kc2 Qxg2+ 54. Bd2 1-0

[Event "OLNW 1718 Bremer SG - Hamelner SV"]
[Site "?"]
[Date "2018.02.25"]
[Round "7.7"]
[White "Koch, Yannick"]
[Black "Giel, Olaf"]
[Result "1-0"]
[WhiteElo "2018"]
[BlackElo "2157"]
[PlyCount "105"]
[EventDate "2018.??.??"]

1. d4 Nf6 2. c4 e5 3. dxe5 Ng4 4. Bf4 Bb4+ 5. Nd2 Nc6 6. Ngf3 Qe7 7. e3 Ngxe5
8. Nxe5 Nxe5 9. Be2 d6 10. O-O Bd7 11. a3 Bxd2 12. Qxd2 Bc6 13. b4 Ng6 14. Bg3
b6 15. Qc3 Bb7 16. c5 O-O 17. cxd6 cxd6 18. Qd4 Rad8 19. Rfd1 Ne5 20. b5 Rfe8
21. a4 Ba8 22. a5 Qb7 23. f3 Nd7 24. Bxd6 bxa5 25. Rxa5 Nb6 26. e4 Nc8 27. Qc5
Re6 28. Bc7 Rxd1+ 29. Bxd1 Re7 30. Bf4 h6 31. Bb3 Qd7 32. Ra1 Nb6 33. Rd1 Qe8
34. Bc7 Rd7 35. Bxb6 axb6 36. Qxb6 Rxd1+ 37. Bxd1 Qd7 38. Be2 Bb7 39. Kf2 Qc8
40. Qd4 Qc2 41. Qd8+ Kh7 42. Qb6 Qc8 43. Qd4 Qc2 44. e5 g6 45. g4 Qc7 46. Qd6
Qc2 47. e6 fxe6 48. Qe7+ Kh8 49. Qxb7 Qc5+ 50. Kg2 h5 51. Qc6 Qe5 52. Qe4 Qb2
53. gxh5 1-0

[Event "OLNW 1718 Bremer SG - Hamelner SV"]
[Site "?"]
[Date "2018.02.25"]
[Round "7.8"]
[White "Peters, Frank"]
[Black "Belov, Igor"]
[Result "0-1"]
[WhiteElo "2098"]
[BlackElo "2055"]
[PlyCount "108"]
[EventDate "2018.??.??"]

1. c4 c5 2. g3 Nc6 3. Bg2 g6 4. Nc3 Bg7 5. d3 e5 6. e3 Nge7 7. Nge2 O-O 8. O-O
d6 9. h3 Be6 10. Nd5 Qd7 11. Kh2 f5 12. f4 Bf7 13. Nec3 Nxd5 14. Nxd5 Ne7 15.
Nxe7+ Qxe7 16. Rb1 Rad8 17. b4 b6 18. Qb3 e4 19. dxe4 b5 20. Rf2 bxc4 21. Qa4
Rb8 22. exf5 gxf5 23. b5 d5 24. Bf1 Rfe8 25. Qc2 Qe4 26. a4 Rb7 27. h4 Reb8 28.
Bh3 Qxc2 29. Rxc2 Be6 30. Ba3 a6 31. Bxc5 axb5 32. axb5 Rxb5 33. Rxb5 Rxb5 34.
Bd4 Rb3 35. Bf1 Bxd4 36. exd4 Kf7 37. Kg2 Rb1 38. Be2 Ke7 39. Kf2 Bd7 40. Ra2
Kd6 41. Ra3 h6 42. Ke3 Bc6 43. Bh5 Rg1 44. Kf2 Rc1 45. Ke3 Re1+ 46. Be2 Bb5 47.
Kf2 Rb1 48. Ke3 Kc6 49. Bf3 Rg1 50. Kf2 Rc1 51. Ra5 c3 52. Bxd5+ Kb6 53. Ra2 c2
54. Ke3 Re1+ 0-1

[Event "OLNW 1718 SC Tempo Göttingen - SV Werd"]
[Site "?"]
[Date "2018.02.25"]
[Round "7.1"]
[White "Kardoeus, David"]
[Black "Armbrust, Florian"]
[Result "1-0"]
[WhiteElo "2196"]
[BlackElo "2320"]
[PlyCount "56"]
[EventDate "2018.??.??"]

1. e4 d5 2. exd5 Qxd5 3. Nc3 Qd6 4. d4 Nf6 5. Nf3 g6 6. Ne5 Bg7 7. Be2 O-O 8.
Bf4 Qd8 9. Qd2 Nfd7 10. Ng4 h5 11. Nh6+ Kh7 12. g4 e5 13. dxe5 Nxe5 14. Qxd8
Rxd8 15. Bxe5 Bxe5 16. Nxf7 Bxc3+ 17. bxc3 Re8 18. gxh5 gxh5 19. Rg1 Bf5 20.
Ng5+ Kh6 21. Nf7+ Kh7 22. Ng5+ Kh6 23. Rb1 b6 24. Nf7+ Kh7 25. Rb5 Bg6 26. Rbg5
Bxf7 27. Rg7+ Kh6 28. Rxf7 Nc6 1-0

[Event "OLNW 1718 SC Tempo Göttingen - SV Werd"]
[Site "?"]
[Date "2018.02.25"]
[Round "7.2"]
[White "Petzold, Golo"]
[Black "Buchal, Stephan"]
[Result "1/2-1/2"]
[WhiteElo "2259"]
[BlackElo "2311"]
[PlyCount "44"]
[EventDate "2018.??.??"]

1. d4 g6 2. Nf3 Bg7 3. g3 d6 4. Bg2 Nf6 5. O-O O-O 6. c4 Nc6 7. Nc3 e5 8. d5
Nb8 9. e4 a5 10. Ne1 Na6 11. Nd3 Nd7 12. Be3 Nac5 13. Rb1 b6 14. Nxc5 Nxc5 15.
Qd2 f5 16. f4 exf4 17. Bxf4 fxe4 18. Nxe4 Nxe4 19. Bxe4 Bh3 20. Bg2 Qd7 21.
Rbe1 Rae8 22. b3 Bf5 {(=)} 1/2-1/2

[Event "OLNW 1718 SC Tempo Göttingen - SV Werd"]
[Site "?"]
[Date "2018.02.25"]
[Round "7.3"]
[White "Steffens, Olaf"]
[Black "Kyas, Marcel"]
[Result "1/2-1/2"]
[WhiteElo "2253"]
[BlackElo "2200"]
[PlyCount "96"]
[EventDate "2018.??.??"]

1. b4 e5 2. a3 d5 3. Bb2 Bd6 4. c4 dxc4 5. e3 Be6 6. Qc2 a5 7. b5 Qf6 8. f4 g5
9. fxg5 Qg6 10. e4 Nd7 11. Nf3 h6 12. Bxc4 Bxc4 13. Qxc4 hxg5 14. Nc3 g4 15.
Ng1 Nb6 16. Qb3 Nf6 17. d3 g3 18. h3 Ng4 19. Nd1 O-O-O 20. Nf3 Nd7 21. Ke2 Nc5
22. Qc4 Ne6 23. b6 Nf4+ 24. Kd2 Nxg2 25. bxc7 Rd7 26. hxg4 Rxh1 27. Nc3 Rxc7
28. Qb5 Rh8 29. Rh1 Qg7 30. Nd5 Rc5 31. Nb6+ Kc7 32. Qd7+ Kxb6 33. Bd4 Ka6 34.
Rb1 Bc7 35. Bxc5 Qh6+ 36. g5 Qc6 37. Qxc6+ bxc6 38. Rg1 Nf4 39. Rxg3 Rb8 40.
Kc2 Kb5 41. Be3 Ka4 42. Bxf4 exf4 43. Rg1 Kxa3 44. e5 Rb2+ 45. Kc3 Rb3+ 46. Kc4
Rb4+ 47. Kc3 Rb3+ 48. Kc4 Rb4+ 1/2-1/2

[Event "OLNW 1718 SC Tempo Göttingen - SV Werd"]
[Site "?"]
[Date "2018.02.25"]
[Round "7.4"]
[White "Boettcher, Christian"]
[Black "Elmali, Timur"]
[Result "1-0"]
[WhiteElo "2178"]
[BlackElo "2116"]
[PlyCount "74"]
[EventDate "2018.??.??"]

1. g3 e5 2. Bg2 d6 3. d3 f5 4. e4 Nc6 5. Nc3 Nf6 6. Nge2 Be7 7. O-O O-O 8. d4
fxe4 9. Nxe4 Nxe4 10. Bxe4 Bg4 11. Bd5+ Kh8 12. f3 Bh5 13. dxe5 dxe5 14. Be3
Nd4 15. Nc3 c6 16. Be4 Bxf3 17. Rxf3 Nxf3+ 18. Bxf3 Qa5 19. Ne4 Rad8 20. Qe2 h6
21. Bg2 a6 22. g4 Qb4 23. c3 Qb5 24. c4 Qb4 25. g5 b5 26. gxh6 g6 27. c5 Rf5
28. a3 Qa4 29. Ng3 Rf6 30. b4 a5 31. Bg5 axb4 32. Qxe5 Rd1+ 33. Nf1 Bxc5+ 34.
Kh1 Bd4 35. Bxf6+ Kh7 36. Qc7+ Kxh6 37. Qg7+ Kh5 1-0

[Event "OLNW 1718 SC Tempo Göttingen - SV Werd"]
[Site "?"]
[Date "2018.02.25"]
[Round "7.5"]
[White "Krallmann, Matthias"]
[Black "Schmidt, Alexander"]
[Result "1-0"]
[WhiteElo "2134"]
[BlackElo "2100"]
[PlyCount "67"]
[EventDate "2018.??.??"]

1. d4 Nf6 2. c4 d6 3. Nf3 c5 4. d5 e5 5. Nc3 Bf5 6. g3 Na6 7. Bg2 h5 8. h4 Be7
9. Ng5 Nc7 10. e4 Bd7 11. Qe2 g6 12. Bh3 Ng4 13. f3 Nh6 14. Bxd7+ Qxd7 15. Kf1
f6 16. Nh3 Nf7 17. f4 a6 18. a4 O-O-O 19. Be3 exf4 20. gxf4 Qg4 21. Nf2 Qxe2+
22. Kxe2 g5 23. hxg5 fxg5 24. fxg5 Nxg5 25. e5 dxe5 26. Rag1 Rdg8 27. d6 Bxd6
28. Rxg5 Rxg5 29. Bxg5 Ne6 30. Bf6 Rg8 31. Nfe4 Bc7 32. Kf1 Nf4 33. Nd5 Bb8 34.
Ne7+ 1-0

[Event "OLNW 1718 SC Tempo Göttingen - SV Werd"]
[Site "?"]
[Date "2018.02.25"]
[Round "7.6"]
[White "Liebig, Stefan"]
[Black "Wachinger, Nikolas"]
[Result "0-1"]
[WhiteElo "2101"]
[BlackElo "2290"]
[PlyCount "86"]
[EventDate "2018.??.??"]

1. Nf3 Nf6 2. b4 g6 3. e3 Bg7 4. Bb2 O-O 5. Be2 b6 6. O-O Bb7 7. c4 d6 8. d4
Nbd7 9. Qb3 a5 10. b5 Ne4 11. Rd1 Re8 12. Nc3 Nxc3 13. Bxc3 e6 14. Rac1 Qe7 15.
Ne1 e5 16. Bf3 e4 17. Be2 a4 18. Qc2 f5 19. Bb4 Kh8 20. c5 bxc5 21. dxc5 Nxc5
22. Bxc5 dxc5 23. Qxc5 Qxc5 24. Rxc5 Be5 25. Nc2 Bd6 26. Rc4 Re5 27. Rcd4 Rc5
28. R4d2 Rb8 29. g3 Bc8 30. Nb4 Rb7 31. Nd5 Be6 32. Kf1 Kg7 33. Nb4 Bc4 34. Nc6
Rbxb5 35. Nd4 Rb6 36. h4 Bf7 37. Ra1 a3 38. Bd1 Rb2 39. Ke1 Rc4 40. Ke2 Bb4 41.
Rxb2 axb2 42. Rb1 Rc1 43. Rxb2 Bc4# 0-1

[Event "OLNW 1718 SC Tempo Göttingen - SV Werd"]
[Site "?"]
[Date "2018.02.25"]
[Round "7.7"]
[White "Franke, Reiner"]
[Black "Petzold, Lutz Lukas"]
[Result "1/2-1/2"]
[WhiteElo "2279"]
[BlackElo "2238"]
[PlyCount "54"]
[EventDate "2018.??.??"]

1. Nf3 Nf6 2. c4 g6 3. g3 Bg7 4. Bg2 O-O 5. d4 c6 6. Nc3 d5 7. cxd5 cxd5 8. Ne5
Ng4 9. Nxg4 Bxg4 10. Nxd5 Nc6 11. Ne3 Bc8 12. d5 Nd4 13. Bd2 Qb6 14. Bc3 Nf5
15. Nxf5 Bxc3+ 16. bxc3 Bxf5 17. e4 Bd7 18. O-O Rac8 19. Qd2 Qa5 20. Rab1 b6
21. Rb4 Rc5 22. e5 Rfc8 23. e6 fxe6 24. dxe6 Bxe6 25. Re1 Qxa2 26. Rb2 Qc4 27.
Rb4 Qa2 1/2-1/2

[Event "OLNW 1718 SC Tempo Göttingen - SV Werd"]
[Site "?"]
[Date "2018.02.25"]
[Round "7.8"]
[White "Karwatt, Lothar"]
[Black "Heldt, Nils-Lennart"]
[Result "1/2-1/2"]
[WhiteElo "2091"]
[BlackElo "2016"]
[PlyCount "62"]
[EventDate "2018.??.??"]

1. d4 d5 2. c4 c6 3. Nf3 Nf6 4. Nc3 dxc4 5. a4 Bf5 6. Ne5 Nbd7 7. Nxc4 Qc7 8.
g3 e5 9. dxe5 Nxe5 10. Bf4 Nfd7 11. Bg2 g5 12. Bxe5 Nxe5 13. Qd4 f6 14. O-O-O
Be6 15. Ne3 Qb6 16. Ne4 Be7 17. f4 Qxd4 18. Rxd4 Nf7 19. Kc2 f5 20. Nxg5 Nxg5
21. fxg5 Bxg5 22. Rd3 f4 23. gxf4 Bxf4 24. Be4 Rd8 25. Bf5 Rxd3 26. exd3 Bxe3
27. Bxe6 Rf8 28. Re1 Rf2+ 29. Kb3 Bd4 30. Bg4+ Kd8 31. Re2 Rxe2 {(=)} 1/2-1/2

[Event "OLNW 1718 SF Hannover - SV Werder Breme"]
[Site "?"]
[Date "2018.03.18"]
[Round "8.1"]
[White "Kardoeus, David"]
[Black "Schirm, Friedmar"]
[Result "1/2-1/2"]
[WhiteElo "2229"]
[BlackElo "2271"]
[PlyCount "106"]
[EventDate "2018.??.??"]

1. e4 c5 2. Nf3 Nc6 3. d4 cxd4 4. Nxd4 g6 5. c4 Bg7 6. Be3 Nf6 7. Nc3 d6 8. Be2
O-O 9. O-O Bd7 10. f3 Nxd4 11. Bxd4 a5 12. a3 a4 13. c5 e5 14. Be3 dxc5 15.
Bxc5 Re8 16. Qd2 Bf8 17. Be3 Bc6 18. Rfd1 Qa5 19. Bc4 Bc5 20. Qf2 Bxe3 21. Qxe3
Red8 22. g4 Rxd1+ 23. Rxd1 Rd8 24. Kf2 Rxd1 25. Nxd1 Nd7 26. Qc3 Qc5+ 27. Ne3
Kf8 28. b4 axb3 29. Qxb3 Qd4 30. g5 Nc5 31. Qb4 Kg7 32. Ke2 b5 33. Bd5 Qd3+ 34.
Kf2 Bxd5 35. exd5 Nb3 36. Qe4 Qxe4 37. fxe4 Nd2 38. Ng4 Nxe4+ 39. Ke3 Nxg5 40.
Nxe5 f6 41. Nc6 Nf7 42. Kd4 f5 43. Kc5 f4 44. Nd4 Kf6 45. Kxb5 Ke5 46. Kc5 g5
47. a4 g4 48. Ne2 f3 49. Ng3 Nd6 50. Kc6 Nc4 51. Kc5 Nd6 52. Kc6 Nc4 53. Kc5
Nd6 1/2-1/2